000 00821nam a2200193Ia 4500
003 GCL
008 140319s9999 xx 000 0 ara d
040 _aGCL /
_cGCL
082 0 4 _aق
_b962.0352
_bع ث
100 1 _aعبدالرحمن الرافعى
245 1 0 _aالثورة العرابية والاحتلال البريطانى /
_cعبدالرحمن الرافعى
250 _aالثالثة
260 _aالقاهرة :
_bالدار القومية للطباعة والنشر ،
_c1966
300 _a635 ص ؛
_c24سم
650 0 4 _aمصر - تاريخ - العصر الحديث (1805 - 1956 )
650 0 4 _aمصر - تاريخ - العصر الحديث - الثورة العرابية
650 0 4 _aمصر - تاريخ - العصر الحديث - الاحتلال البريطانى
942 _2ddc
_cBK
999 _c45706
_d45706